KOHA-Header-6

Textbook of Human Resource Management in Industries of Pakistan (Record no. 13730)

000 -LEADER
fixed length control field 00343nam a22001337a 4500
020 ## - INTERNATIONAL STANDARD BOOK NUMBER
ISBN 9789698296285
082 ## - DEWEY DECIMAL CLASSIFICATION NUMBER
Classification number 658.3
100 ## - MAIN ENTRY--AUTHOR NAME
Personal name Kamal, Raza
245 ## - TITLE STATEMENT
Title Textbook of Human Resource Management in Industries of Pakistan
250 ## - EDITION STATEMENT
Edition statement 2nd Edition
260 ## - PUBLICATION, DISTRIBUTION, ETC. (IMPRINT)
Place of publication Lahore
Name of publisher Ibrahim Publishers
Year of publication 2020
300 ## - PHYSICAL DESCRIPTION
Number of Pages xxii, 298 pages
942 ## - ADDED ENTRY ELEMENTS (KOHA)
Koha item type Books
Holdings
Withdrawn status Lost status Collection code Permanent Location Current Location Shelving location Date acquired Full call number Accession Number Koha item type
    Management MAJU MAJU Shelf No.A-8 2023-03-20 658.3 10836 Books

Powered by Koha